| 000 | 00613nam a2200205Ia 4500 | ||
|---|---|---|---|
| 003 | GCL | ||
| 008 | 140319s9999 xx 000 0 ara d | ||
| 040 |
_aGCL / _cGCL |
||
| 082 | 0 | 4 |
_a666.01 _bع ص |
| 100 | 1 | _aعبدالكريم درويش | |
| 245 | 1 | 0 |
_aالصناعات الكيماوية التجارية ( الكتاب الخامس ) / _cعبدالكريم درويش |
| 260 |
_a[S.N] : _bدار المعرفة ، _c1991 |
||
| 300 | _a93 ص | ||
| 490 | _a | ||
| 650 | 0 | 4 | _aالصناعات |
| 650 | 0 | 4 | _aصناعة وتجارة |
| 650 | 0 | 4 | _aالزجاج |
| 650 | 0 | 4 | _aالفخار |
| 942 |
_2ddc _cBK |
||
| 999 |
_c27698 _d27698 |
||